RIVISTA DI ASCETICA E MISTICA. GENNAIO MARZO 1999. ANNO 68° DI VITA CRISTIANA. (Record n. 331086)

Dettagli MARC
000 -LEADER
fixed length control field 02072nas a2200277Ia 4500
001 - CONTROL NUMBER
control field R050-S2498
003 - CONTROL NUMBER IDENTIFIER
control field IT-CnALBA
008 - FIXED-LENGTH DATA ELEMENTS--GENERAL INFORMATION
fixed length control field 170116c99999999xx |||||||||||| ||und||
040 ## - CATALOGING SOURCE
Original cataloging agency IT-CnALBA
Transcribing agency IT-CnALBA
041 ## - LANGUAGE CODE
Language code of text/sound track or separate title ITALIANO
999 ## - SYSTEM CONTROL NUMBERS (KOHA)
Koha Dewey Subclass [OBSOLETE] NO
100 ## - MAIN ENTRY--PERSONAL NAME
Personal name PEDRINI ARNALDO, SDB.
210 ## - ABBREVIATED TITLE
Abbreviated title RIVISTA DI ASCETICA E MISTICA
222 ## - KEY TITLE
Key title RIVISTA DI ASCETICA E MISTICA
245 #0 - TITLE STATEMENT
Title RIVISTA DI ASCETICA E MISTICA. GENNAIO MARZO 1999. ANNO 68° DI VITA CRISTIANA.
250 ## - EDITION STATEMENT
Edition statement 1a ed.
260 ## - PUBLICATION, DISTRIBUTION, ETC. (IMPRINT)
Place of publication, distribution, etc. FIRENZE
Name of publisher, distributor, etc. CONVENTO SAN MARCO
Date of publication, distribution, etc. 1999 [1° Ed.:1999 - Ed.Ling.Originale: 1999]
300 ## - PHYSICAL DESCRIPTION
Extent 122 p.
310 ## - CURRENT PUBLICATION FREQUENCY
Current publication frequency TRIMESTRALE
362 ## - DATES OF PUBLICATION AND/OR SEQUENTIAL DESIGNATION
Dates of publication and/or sequential designation Fascicolo: 1 / Anno: 24 (1999)
500 ## - GENERAL NOTE
General note COMAN P. PALESATI LEPRI N. BARSOTTI D. FATICHI L. NANETTI R. MICHELI G. VIERI F. PISTOIA F. RECENSIONI. LETTURE. IL LIBRO DI DIO E DELL'UOMO. IL NUOVO DIZIONARIO DI MISTICA. BERLIN, IL PROBLEMA DEI VALORI. DAG HAMMARSKYOLD VIATORE INSTANCABILE. LE PORTE CELESTI. VALORI NELLE RELIGIONI NON CRISTIANI.. ITALA MELA, MISTICA SPEZZINA. SUL PASTORCICO DI S. GIOVANNI DELLA CROCE. S. BASILIO MAGNO E ARTABIO FRA CALUNNIA E ONESTÀ. PROFESSO UN SOLO BATTESIMO, SPUNTI DI SPIRITUALITÀ DELLA CHIESA ANTICA. FRANCESCO DI SALES E IL SUO EPISTOLARIO. LA PATERNITÀ DIVINA NELLA SPIRITUALITÀ SALESIANA.
501 ## - WITH NOTE
With note Società San Paolo EM - Piazza San Paolo, 14 - 12051 ALBA (CN) (non commercial uses only) ® Copyright 2017
520 ## - SUMMARY, ETC.
Summary, etc. COMAN P. PALESATI LEPRI N. BARSOTTI D. FATICHI L. NANETTI R. MICHELI G. VIERI F. PISTOIA F. RECENSIONI. LETTURE. IL LIBRO DI DIO E DELL'UOMO. IL NUOVO DIZIONARIO DI MISTICA. BERLIN, IL PROBLEMA DEI VALORI. DAG HAMMARSKYOLD VIATORE INSTANCABILE. LE PORTE CELESTI. VALORI NELLE RELIGIONI NON CRISTIANI.. ITALA MELA, MISTICA SPEZZINA. SUL PASTORCICO DI S. GIOVANNI DELLA CROCE. S. BASILIO MAGNO E ARTABIO FRA CALUNNIA E ONESTÀ. PROFESSO UN SOLO BATTESIMO, SPUNTI DI SPIRITUALITÀ DELLA CHIESA ANTICA. FRANCESCO DI SALES E IL SUO EPISTOLARIO. LA PATERNITÀ DIVINA NELLA SPIRITUALITÀ SALESIANA.
650 ## - SUBJECT ADDED ENTRY--TOPICAL TERM
Topical term or geographic name as entry element ASCETICA E MISTICA
942 ## - ADDED ENTRY ELEMENTS (KOHA)
Koha item type RIVISTA
957 ## -
-- 1
999 ## - SYSTEM CONTROL NUMBERS (KOHA)
-- 1
Dati di copia
Withdrawn status Lost status Damaged status Not for loan Home library Current library Date acquired Total Checkouts Full call number Date last seen Price effective from Koha item type Public note
    Buone Condizioni Not For Loan ALBA - Biblioteca ALBA - Biblioteca 16/01/2017   R050-S2498 16/01/2017 16/01/2017 RIVISTA (data import: 16 gennaio 2017) - By Epidotti, Vaglietti.
CREDITS: SOCIETA' SAN PAOLO Via A.Severo, 58 - ROMA (RM) & PERIODICI SAN PAOLO SRL Via Giotto, 36 MILANO & CISF Via Giotto, 36 MILANO & EDIZIONI SAN PAOLO SRL,  Piazza Soncino, 5 CINISELLO BALSAMO (MI) -- ITALY